000 00535nam a22001817a 4500
005 20240110142941.0
008 240110b |||||||| |||| 00| 0 eng d
020 _a0702113417
041 _aEnglish
082 _a346.7 CAN
100 _aForsyth, CF
_lEnglish
245 _aCaney's The Law of Suretyship /
_cCF Forsyth
250 _a3rd Edition
260 _aCape Town :
_bJuta and Company Ltd,
_c1983
300 _bxxi, 206 pages ;
_c25 cm.
650 _aLegal practice
_bLaw
942 _cBK
_6ALISON_BN_VRIES
999 _c1217
_d1217